[Event "XXVII MFSz Memorial Jozefa Kochana - Ope"]
[Site "Koszalin"]
[Date "2016.??.??"]
[Round "3.8"]
[White "Januszkiewicz, Wojciech"]
[Black "Heinsohn, Michael"]
[Result "1-0"]
[WhiteElo "1995"]
[BlackElo "2007"]
[PlyCount "55"]
[EventDate "2016.??.??"]

1. e4 e6 2. d4 d5 3. Nc3 Bb4 4. e5 c5 5. a3 Bxc3+ 6. bxc3 Qa5 7. Bd2 Qa4 8. Nf3
Nc6 9. dxc5 Qe4+ 10. Be2 Nxe5 11. O-O Nxf3+ 12. Bxf3 Qc4 13. Be3 Nf6 14. Bd4
Bd7 15. a4 Qa6 16. Be2 Qa5 17. Bd3 Bc6 18. Re1 Rg8 19. Qf3 Ne4 20. c4 Nd2 21.
Qh5 g6 22. Qxh7 Ke7 23. cxd5 Bxd5 24. Qh4+ g5 25. Qh6 Qc7 26. Qf6+ Ke8 27. Bb5+
Kf8 28. Qh6+ 1-0

[Event "XXVII MFSz Memorial Jozefa Kochana - Ope"]
[Site "Koszalin"]
[Date "2016.??.??"]
[Round "3.9"]
[White "Mike, Patryk"]
[Black "Lisinski, Henryk"]
[Result "1/2-1/2"]
[WhiteElo "1877"]
[BlackElo "1850"]
[PlyCount "103"]
[EventDate "2016.??.??"]

1. e4 e5 2. Nf3 Nc6 3. Bb5 a6 4. Ba4 Nf6 5. O-O Be7 6. Re1 b5 7. Bb3 d6 8. c3
O-O 9. h3 Bb7 10. d4 h6 11. Nbd2 Re8 12. Nf1 Bf8 13. Ng3 Na5 14. Bc2 g6 15. b3
Kh7 16. Nh2 Bg7 17. Bb2 Nc6 18. d5 Nb8 19. c4 c6 20. Qe2 cxd5 21. cxd5 Nbd7 22.
Bc1 Rc8 23. Be3 Rc7 24. Rec1 Qb8 25. Bd3 Rxc1+ 26. Rxc1 Rc8 27. Qd2 Rxc1+ 28.
Qxc1 Qc8 29. Qxc8 Bxc8 30. b4 h5 31. Nf3 Ne8 32. Ng5+ Kg8 33. Nf1 Bh6 34. Bc2
f6 35. Ne6 Bxe3 36. Nxe3 Nb6 37. g4 hxg4 38. hxg4 Kf7 39. Bb3 Ke7 40. Kg2 Na4
41. f4 exf4 42. Nxf4 g5 43. Ne6 Nb2 44. Nf5+ Kd7 45. Kf3 Nd3 46. a3 Ne5+ 47.
Kg3 Bb7 48. Nfd4 Nc7 49. Bc2 Nxe6 50. Nxe6 Ke7 51. Nd4 Bc8 52. Bd1 1/2-1/2

[Event "XXVII MFSz Memorial Jozefa Kochana - Ope"]
[Site "Koszalin"]
[Date "2016.??.??"]
[Round "3.10"]
[White "Stylinski, Piotr  "]
[Black "Przerwa, Waldemar"]
[Result "1-0"]
[WhiteElo "1836"]
[BlackElo "1799"]
[PlyCount "79"]
[EventDate "2016.??.??"]

1. e4 e6 2. d4 d5 3. Nc3 Bb4 4. e5 Ne7 5. a3 Bxc3+ 6. bxc3 c5 7. Qg4 Kf8 8. h4
h5 9. Qd1 Nbc6 10. Nf3 Qa5 11. Bd2 c4 12. Be2 Nf5 13. Kf1 Bd7 14. Ng5 g6 15.
Qe1 Ke7 16. f3 Raf8 17. g4 Ng7 18. Kg2 f6 19. exf6+ Rxf6 20. Nh3 Ke8 21. Bg5
Rhf8 22. Bxf6 Rxf6 23. Qd2 Kd8 24. Rhe1 Kc8 25. a4 Ne7 26. Ra3 Bxa4 27. Qh6 Ne8
28. Qh8 Kd7 29. Ng5 b5 30. Nh7 Rf7 31. Nf8+ Kc6 32. Nxe6 Kd6 33. Nc5 Nc6 34.
Nb7+ Rxb7 35. Qxe8 Re7 36. Qxg6+ Re6 37. Qxh5 Nxd4 38. Bxc4 dxc4 39. Rd1 Re2+
40. Kh3 1-0

[Event "XXVII MFSz Memorial Jozefa Kochana - Ope"]
[Site "Koszalin"]
[Date "2016.??.??"]
[Round "4.1"]
[White "Plichta, Kamil"]
[Black "Simantsev, Mikhail"]
[Result "1/2-1/2"]
[WhiteElo "2347"]
[BlackElo "2460"]
[PlyCount "107"]
[EventDate "2016.??.??"]

1. d4 Nf6 2. c4 e6 3. g3 c5 4. d5 exd5 5. cxd5 d6 6. Nc3 g6 7. Bg2 Bg7 8. Nf3
O-O 9. O-O Re8 10. Bf4 Na6 11. Re1 Nc7 12. e4 Nh5 13. Bg5 f6 14. Be3 b5 15. Nd2
Bf8 16. a4 b4 17. Ncb1 f5 18. exf5 Bxf5 19. g4 Bxb1 20. Rxb1 Nf6 21. Nc4 Qd7
22. h3 Qf7 23. Bf4 Rxe1+ 24. Qxe1 Nfxd5 25. Bxd6 Rd8 26. Ne5 Qe6 27. Bxf8 Rxf8
28. Nd3 Qxe1+ 29. Nxe1 Nf4 30. Bf1 Rd8 31. Rc1 Nce6 32. Nf3 Kg7 33. Kh2 Kf6 34.
g5+ Kg7 35. Bc4 h6 36. Bxe6 Nxe6 37. gxh6+ Kxh6 38. Re1 Nd4 39. Nxd4 cxd4 40.
Kg2 d3 41. Rd1 Kg5 42. Kf3 Kh4 43. Ke3 Kxh3 44. Rxd3 Rxd3+ 45. Kxd3 Kg2 46. Ke2
g5 47. a5 a6 48. b3 g4 49. Ke1 Kf3 50. Kf1 Ke4 51. Ke2 Kf4 52. Kd2 Ke4 53. Ke2
Kf4 54. Kd2 1/2-1/2

[Event "XXVII MFSz Memorial Jozefa Kochana - Ope"]
[Site "Koszalin"]
[Date "2016.??.??"]
[Round "4.2"]
[White "Cyborowski, Lukasz"]
[Black "Januszkiewicz, Wojciech"]
[Result "1-0"]
[WhiteElo "2526"]
[BlackElo "1995"]
[PlyCount "97"]
[EventDate "2016.??.??"]

1. c4 Nf6 2. Nc3 e6 3. e4 d5 4. e5 d4 5. exf6 dxc3 6. bxc3 Qxf6 7. Nf3 Bd6 8.
d4 h6 9. Bd3 c6 10. O-O Nd7 11. Nd2 Qd8 12. Ne4 Be7 13. Qg4 g6 14. Re1 Nf8 15.
Qg3 f5 16. Nd2 Qd6 17. Qe3 Bg5 18. Qe2 Bxd2 19. Qxd2 Kf7 20. c5 Qc7 21. c4 Nd7
22. Bb2 Nf6 23. d5 Qd8 24. Rad1 Bd7 25. dxe6+ Bxe6 26. Qc3 Qe7 27. Rxe6 Qxe6
28. Re1 Qxe1+ 29. Qxe1 Rhe8 30. Qc3 Re6 31. h3 a6 32. Kh2 Rd8 33. Qc2 Rg8 34.
Qc1 h5 35. Qf4 Re7 36. Qd4 Re6 37. Qf4 Re7 38. Bxf6 Kxf6 39. Qd4+ Kf7 40. g4
hxg4 41. hxg4 fxg4 42. Kg3 Rge8 43. Kxg4 Re6 44. f4 R8e7 45. Kg5 Re8 46. a3 Rg8
47. Qd7+ Re7 48. Qh3 Re1 49. Qh7+ 1-0

[Event "XXVII MFSz Memorial Jozefa Kochana - Ope"]
[Site "Koszalin"]
[Date "2016.??.??"]
[Round "4.3"]
[White "Swicarz, Maciej"]
[Black "Malaniuk, Vladimir P"]
[Result "1/2-1/2"]
[WhiteElo "2238"]
[BlackElo "2471"]
[PlyCount "43"]
[EventDate "2016.??.??"]

1. e4 e5 2. Nf3 Nc6 3. Bc4 Nf6 4. d3 h6 5. O-O d6 6. c3 g6 7. Re1 Bg7 8. Nbd2
O-O 9. Bb3 a6 10. d4 Re8 11. dxe5 Nxe5 12. Nxe5 dxe5 13. a4 Be6 14. Bxe6 Rxe6
15. Qe2 Qd7 16. f3 Rd8 17. Nb3 Qc8 18. Be3 Red6 19. Bc5 R6d7 20. Be3 Rd6 21.
Bc5 R6d7 22. Be3 1/2-1/2

[Event "XXVII MFSz Memorial Jozefa Kochana - Ope"]
[Site "Koszalin"]
[Date "2016.??.??"]
[Round "4.4"]
[White "Shishkin, Vadim"]
[Black "Bugalski, Michal"]
[Result "1-0"]
[WhiteElo "2469"]
[BlackElo "2196"]
[PlyCount "73"]
[EventDate "2016.??.??"]

1. d4 e6 2. c4 Nf6 3. Nc3 Nc6 4. Nf3 Bb4 5. Qc2 d6 6. Bd2 O-O 7. a3 Bxc3 8.
Bxc3 Qe7 9. e3 a5 10. Bd3 e5 11. d5 Nb8 12. O-O Nbd7 13. Nd2 Re8 14. Rae1 a4
15. Qb1 c6 16. dxc6 bxc6 17. f4 e4 18. Bc2 d5 19. Qd1 Nc5 20. Bb4 Qa7 21. f5
Ncd7 22. Nb1 dxc4 23. Bc3 Ne5 24. Nd2 Neg4 25. Qe2 Ba6 26. Rf4 Ne5 27. Bxe4 Nd5
28. Bxd5 cxd5 29. f6 Nd3 30. Qg4 g6 31. Bd4 Qb8 32. Ref1 Nxf4 33. Rxf4 Qd6 34.
Qg5 c3 35. Bxc3 Rxe3 36. h3 Rxc3 37. bxc3 1-0

[Event "XXVII MFSz Memorial Jozefa Kochana - Ope"]
[Site "Koszalin"]
[Date "2016.??.??"]
[Round "4.5"]
[White "Bilczewski, Kacper"]
[Black "Ustianovich, Nazar"]
[Result "0-1"]
[WhiteElo "2080"]
[BlackElo "2308"]
[PlyCount "154"]
[EventDate "2016.??.??"]

1. e4 d6 2. d3 g6 3. g3 Bg7 4. Bg2 e5 5. f4 exf4 6. gxf4 Qh4+ 7. Kf1 Nh6 8. Nf3
Qd8 9. h3 O-O 10. Kg1 f5 11. Kh2 fxe4 12. dxe4 Na6 13. c3 Nc5 14. Ng5 Ne6 15.
Nxe6 Bxe6 16. Rf1 c6 17. Nd2 d5 18. exd5 Bxd5 19. Bxd5+ cxd5 20. Nf3 Nf5 21.
Qd3 Qd6 22. Bd2 Qc5 23. Rae1 Qc4 24. Qxc4 dxc4 25. Re4 Rac8 26. Rfe1 Rfd8 27.
Bc1 Bf6 28. Ng5 h6 29. Nf3 Kf7 30. Ne5+ Bxe5 31. Rxe5 Rd3 32. R5e4 Rc7 33. Rg1
b5 34. Rge1 Rc6 35. a3 a6 36. Be3 Rcd6 37. Bc5 Rd2+ 38. R4e2 R6d3 39. Bf2 Rxe2
40. Rxe2 Rf3 41. Kg2 Rxf4 42. Re5 Nh4+ 43. Bxh4 Rxh4 44. Kg3 Kf6 45. Rc5 Re4
46. Kf3 Re5 47. Rc6+ Re6 48. Rc5 Re5 49. Rc6+ Re6 50. Rc5 Ke7 51. a4 Kd6 52.
Rc8 Kd7 53. Rh8 g5 54. axb5 axb5 55. Rb8 Kc6 56. Rc8+ Kb6 57. Ra8 Rf6+ 58. Kg3
Rd6 59. Rh8 Rd2 60. Rxh6+ Ka5 61. Re6 Rxb2 62. Kg4 Rg2+ 63. Kf3 Rd2 64. Re3 Ka4
65. Ke4 Rg2 66. Kd4 g4 67. hxg4 Rxg4+ 68. Kc5 Rg5+ 69. Kd4 Kb3 70. Rh3 Rf5 71.
Rg3 Ka4 72. Rh3 Rf8 73. Rg3 Rd8+ 74. Ke4 Kb3 75. Rg5 Kxc3 76. Rxb5 Re8+ 77. Kd5
Kd3 0-1

[Event "XXVII MFSz Memorial Jozefa Kochana - Ope"]
[Site "Koszalin"]
[Date "2016.??.??"]
[Round "4.6"]
[White "Dzhuguryan, Tygran"]
[Black "Mielczarski, Miroslaw"]
[Result "1-0"]
[WhiteElo "2179"]
[BlackElo "2157"]
[PlyCount "125"]
[EventDate "2016.??.??"]

1. d4 d5 2. c4 c6 3. e3 Nf6 4. Nc3 e6 5. Nf3 Nbd7 6. Bd3 dxc4 7. Bxc4 b5 8. Bd3
a6 9. a4 Bb7 10. axb5 cxb5 11. O-O Be7 12. Qe2 O-O 13. e4 Nb6 14. Rd1 Rc8 15.
h3 Re8 16. Bf4 g6 17. Rac1 Nh5 18. Bh6 Bf8 19. Bxf8 Rxf8 20. Qe3 Nc4 21. Bxc4
Rxc4 22. d5 exd5 23. Nxd5 Rxc1 24. Qxc1 Bxd5 25. exd5 Qd6 26. Rd4 Rd8 27. Qh6
Qf8 28. Qd2 Rd6 29. Ne5 Nf6 30. b4 Qd8 31. Ng4 h5 32. Nxf6+ Qxf6 33. h4 Qe5 34.
g3 Kg7 35. Kh2 Kh7 36. Qd3 Kg7 37. Kg2 Kg8 38. Kf1 Kg7 39. f4 Qf5 40. Qxf5 gxf5
41. Ke2 Kf6 42. Ke3 Ke7 43. Rd3 a5 44. bxa5 Ra6 45. Ra3 b4 46. Ra4 b3 47. Kd3
b2 48. Kc2 Kd6 49. Kxb2 Kxd5 50. Kc3 Kc5 51. Ra1 Rg6 52. a6 Rxg3+ 53. Kd2 Rg2+
54. Ke3 Rg3+ 55. Kf2 Rg8 56. a7 Ra8 57. Ke3 Re8+ 58. Kd3 Rd8+ 59. Kc3 Ra8 60.
Ra2 f6 61. Ra5+ Kb6 62. Kb4 Kb7 63. Kb5 1-0

[Event "XXVII MFSz Memorial Jozefa Kochana - Ope"]
[Site "Koszalin"]
[Date "2016.??.??"]
[Round "4.7"]
[White "Lopuszanski, Kamil"]
[Black "Hilarecki, Grzegorz"]
[Result "1/2-1/2"]
[WhiteElo "1991"]
[BlackElo "2110"]
[PlyCount "71"]
[EventDate "2016.??.??"]

1. d4 Nf6 2. c4 c5 3. d5 b5 4. cxb5 a6 5. f3 d6 6. e4 g6 7. Nc3 Bg7 8. a4 O-O
9. Ra3 Nbd7 10. Be2 Bb7 11. Nh3 Ne8 12. O-O axb5 13. Bxb5 Nc7 14. Bd3 Ne5 15.
Be2 Ba6 16. Nb5 Rb8 17. Nxc7 Bxe2 18. Qxe2 Qxc7 19. f4 Nd7 20. Nf2 Rb7 21. Nd1
Ra8 22. b3 Rab8 23. Qc2 Rb4 24. Bb2 c4 25. Bxg7 Kxg7 26. bxc4 Rxc4 27. Rc3 Qc5+
28. Kh1 Rbb4 29. Rxc4 Qxc4 30. Qxc4 Rxc4 31. Nf2 Rxa4 32. g3 f5 33. Re1 Kf7 34.
e5 Nc5 35. exd6 exd6 36. Kg2 1/2-1/2

[Event "XXVII MFSz Memorial Jozefa Kochana - Ope"]
[Site "Koszalin"]
[Date "2016.??.??"]
[Round "4.8"]
[White "Mike, Patryk"]
[Black "Cagara, Paulina"]
[Result "0-1"]
[WhiteElo "1877"]
[BlackElo "2052"]
[PlyCount "52"]
[EventDate "2016.??.??"]

1. e4 c6 2. d4 d5 3. e5 Bf5 4. Nd2 e6 5. Nb3 Nd7 6. Nf3 Bg6 7. Be2 Ne7 8. O-O
Nf5 9. Bd2 Be7 10. Rc1 O-O 11. g4 Nh4 12. Nxh4 Bxh4 13. f4 Be4 14. Bf3 Bxf3 15.
Qxf3 Be7 16. f5 c5 17. Qf4 cxd4 18. Qxd4 Rc8 19. h3 Rc4 20. Qxa7 Nxe5 21. Qxb7
Bd6 22. g5 exf5 23. Rxf5 Rc7 24. Qb5 g6 25. Rf2 Nc4 26. Qxd5 Bh2+ 0-1

[Event "XXVII MFSz Memorial Jozefa Kochana - Ope"]
[Site "Koszalin"]
[Date "2016.??.??"]
[Round "4.9"]
[White "Heinsohn, Michael"]
[Black "Stylinski, Piotr  "]
[Result "1/2-1/2"]
[WhiteElo "2007"]
[BlackElo "1836"]
[PlyCount "23"]
[EventDate "2016.??.??"]

1. d4 d5 2. c4 c6 3. cxd5 cxd5 4. Nc3 Nf6 5. Bf4 Nc6 6. e3 Bf5 7. Bb5 e6 8. Nf3
Bb4 9. O-O O-O 10. Bxc6 bxc6 11. Ne5 Bxc3 12. bxc3 1/2-1/2

[Event "XXVII MFSz Memorial Jozefa Kochana - Ope"]
[Site "Koszalin"]
[Date "2016.??.??"]
[Round "4.10"]
[White "Lisinski, Henryk"]
[Black "Przerwa, Waldemar"]
[Result "1/2-1/2"]
[WhiteElo "1850"]
[BlackElo "1799"]
[PlyCount "48"]
[EventDate "2016.??.??"]

1. d4 Nf6 2. Nf3 e6 3. c4 b6 4. Nc3 d5 5. e3 Bb7 6. cxd5 Nxd5 7. Bd3 Bb4 8. Qc2
h6 9. e4 Nxc3 10. bxc3 Be7 11. O-O O-O 12. Qe2 c5 13. Rd1 Nd7 14. e5 cxd4 15.
cxd4 Bd5 16. Be3 Rc8 17. Nd2 f5 18. exf6 Nxf6 19. f3 Bd6 20. Ne4 Bb8 21. Rac1
Qe7 22. Bb1 Rfd8 23. Qd3 Kf7 24. Ng3 Kf8 1/2-1/2

[Event "XXVII MFSz Memorial Jozefa Kochana - Ope"]
[Site "Koszalin"]
[Date "2016.??.??"]
[Round "5.2"]
[White "Simantsev, Mikhail"]
[Black "Shishkin, Vadim"]
[Result "1/2-1/2"]
[WhiteElo "2460"]
[BlackElo "2469"]
[PlyCount "83"]
[EventDate "2016.??.??"]

1. d4 Nf6 2. c4 g6 3. f3 c5 4. d5 d6 5. e4 e6 6. Ne2 exd5 7. cxd5 Bg7 8. Nec3
O-O 9. Be2 a6 10. a4 Nbd7 11. O-O Ne8 12. Be3 Qe7 13. Qd2 f5 14. exf5 gxf5 15.
Bg5 Qe5 16. Na3 f4 17. Ne4 Qxb2 18. Ra2 Qd4+ 19. Kh1 Qxd2 20. Rxd2 Rf5 21. Rb1
Kf8 22. Bh4 Ndf6 23. Bxf6 Bxf6 24. Nc4 Bd4 25. Nb6 Rb8 26. Bc4 Rf7 27. Nxc8
Rxc8 28. Ng5 Re7 29. Ne6+ Kg8 30. Nxf4 b5 31. axb5 axb5 32. Bxb5 Rb8 33. Rdd1
Nc7 34. Bc4 Rb4 35. Rxb4 cxb4 36. g3 Bc3 37. Ne6 Kf7 38. f4 Re8 39. Kg2 Ra8 40.
Bb3 Ra3 41. Rb1 Na6 42. Kf3 1/2-1/2

[Event "XXVII MFSz Memorial Jozefa Kochana - Ope"]
[Site "Koszalin"]
[Date "2016.??.??"]
[Round "5.3"]
[White "Malaniuk, Vladimir P"]
[Black "Ustianovich, Nazar"]
[Result "1/2-1/2"]
[WhiteElo "2471"]
[BlackElo "2308"]
[PlyCount "64"]
[EventDate "2016.??.??"]

1. d4 d5 2. c4 c6 3. Nf3 Nf6 4. Nc3 e6 5. e3 Nbd7 6. Qc2 Be7 7. b3 O-O 8. Bd3
b6 9. O-O Bb7 10. Bb2 h6 11. Rad1 Qc7 12. Qe2 Rad8 13. h3 Rfe8 14. Rfe1 dxc4
15. Bxc4 c5 16. Bb5 Rf8 17. Rc1 Qb8 18. Na4 Rc8 19. dxc5 Nxc5 20. Nxc5 Rxc5 21.
Rxc5 Bxc5 22. Ne5 Rc8 23. Rd1 Rd8 24. Ng4 Nxg4 25. hxg4 Rxd1+ 26. Qxd1 Bf8 27.
Qd7 Qc8 28. Qxc8 Bxc8 29. Kf1 Bb7 30. f3 Bd6 31. Ke2 Kf8 32. Bc4 Bc8 1/2-1/2

[Event "XXVII MFSz Memorial Jozefa Kochana - Ope"]
[Site "Koszalin"]
[Date "2016.??.??"]
[Round "5.4"]
[White "Dzhuguryan, Tygran"]
[Black "Swicarz, Maciej"]
[Result "0-1"]
[WhiteElo "2179"]
[BlackElo "2238"]
[PlyCount "89"]
[EventDate "2016.??.??"]

1. d4 f5 2. Nf3 Nf6 3. g3 g6 4. Bg2 Bg7 5. O-O O-O 6. c4 d6 7. Nc3 Qe8 8. d5 a5
9. Nd4 Na6 10. e4 fxe4 11. Nxe4 Nxe4 12. Bxe4 Nc5 13. Bg2 e5 14. Nb5 Qd8 15.
Be3 b6 16. Nc3 Bf5 17. Bxc5 bxc5 18. Be4 Bh3 19. Re1 Qc8 20. a4 Bh6 21. Ra3 Kg7
22. Rb3 Rf7 23. Qe2 Bg4 24. f3 Bd7 25. h4 Kh8 26. Kf2 Qd8 27. Kg2 Rg7 28. Rh1
g5 29. hxg5 Qxg5 30. Qe1 Rag8 31. Ne2 Qf6 32. Rh5 Bxa4 33. Ra3 Be8 34. Rh3 Bd7
35. Rh5 Be8 36. Rh3 Bf4 37. Kh1 Bd7 38. Rh2 Bg5 39. Rxa5 Bf5 40. Qb1 Bg6 41.
Qd3 Rf7 42. Kg2 Qg7 43. Rb5 Rgf8 44. Rb3 Bxe4 45. Qxe4 0-1

[Event "XXVII MFSz Memorial Jozefa Kochana - Ope"]
[Site "Koszalin"]
[Date "2016.??.??"]
[Round "5.5"]
[White "Januszkiewicz, Wojciech"]
[Black "Lopuszanski, Kamil"]
[Result "1/2-1/2"]
[WhiteElo "1995"]
[BlackElo "1991"]
[PlyCount "101"]
[EventDate "2016.??.??"]

1. d4 Nf6 2. Nf3 g6 3. g3 Bg7 4. Bg2 O-O 5. O-O c6 6. c4 d6 7. b3 Ne4 8. Bb2
Nd7 9. Nbd2 Ndf6 10. Nxe4 Nxe4 11. Qc2 f5 12. d5 cxd5 13. Bxg7 Kxg7 14. cxd5
Bd7 15. Nd4 Nf6 16. Rfe1 Qb6 17. Qb2 Kg8 18. e4 f4 19. gxf4 Nh5 20. f5 gxf5 21.
exf5 Rae8 22. Re3 Bxf5 23. Rae1 Qd8 24. Bh3 e5 25. dxe6 Qg5+ 26. Kh1 Bxh3 27.
Rxh3 Qd5+ 28. f3 Rf4 29. Qg2+ Ng7 30. Ne2 Rf6 31. Rg3 Rg6 32. Nf4 Rxg3 33. Nxd5
Rxg2 34. Nf6+ Kf8 35. Nxh7+ Ke7 36. Kxg2 Rc8 37. Re2 d5 38. Ng5 Nf5 39. Kf2 b5
40. f4 Rc3 41. Re5 Rc2+ 42. Ke1 Nd6 43. Re2 Rc1+ 44. Kd2 Rf1 45. Nh3 Ne4+ 46.
Ke3 Kxe6 47. Ng5+ Kf5 48. Nxe4 dxe4 49. Rf2 Rd1 50. Rd2 Re1+ 51. Re2 1/2-1/2

[Event "XXVII MFSz Memorial Jozefa Kochana - Ope"]
[Site "Koszalin"]
[Date "2016.??.??"]
[Round "5.6"]
[White "Cagara, Paulina"]
[Black "Mielczarski, Miroslaw"]
[Result "1/2-1/2"]
[WhiteElo "2052"]
[BlackElo "2157"]
[PlyCount "89"]
[EventDate "2016.??.??"]

1. f4 d5 2. Nf3 Nf6 3. g3 c5 4. Bg2 Nc6 5. d3 g6 6. O-O Bg7 7. Nc3 d4 8. Na4
Qd6 9. c4 b6 10. a3 Bb7 11. Bd2 O-O 12. Rb1 Rab8 13. b4 Nd7 14. bxc5 bxc5 15.
Ng5 Qc7 16. Qe1 Ba8 17. Ne4 Rxb1 18. Qxb1 Rb8 19. Qc2 Nd8 20. Bf3 f5 21. Ng5
Bxf3 22. Nxf3 Qb7 23. Bc1 Qb3 24. Qxb3 Rxb3 25. Nd2 Rb7 26. Nf3 h6 27. Kg2 Kf7
28. h4 e6 29. h5 gxh5 30. Rh1 Nc6 31. Rxh5 Bf8 32. Rh1 Nf6 33. Bd2 Ng4 34. Nh2
Nf6 35. Kf3 Rb3 36. Ra1 e5 37. fxe5 Nxe5+ 38. Kg2 Ke6 39. Bxh6 Bd6 40. Bf4 Ned7
41. Bxd6 Kxd6 42. Nf3 Rb8 43. Rh1 Rb3 44. Ra1 Rb8 45. Rh1 1/2-1/2

[Event "XXVII MFSz Memorial Jozefa Kochana - Ope"]
[Site "Koszalin"]
[Date "2016.??.??"]
[Round "5.7"]
[White "Bugalski, Michal"]
[Black "Stylinski, Piotr  "]
[Result "1-0"]
[WhiteElo "2196"]
[BlackElo "1836"]
[PlyCount "93"]
[EventDate "2016.??.??"]

1. e4 c6 2. Nc3 d5 3. Nf3 Bg4 4. h3 Bxf3 5. gxf3 e6 6. d3 Nf6 7. Bd2 Be7 8. f4
Nbd7 9. Qf3 g6 10. Bg2 Nb6 11. Rd1 Qc7 12. O-O O-O-O 13. a4 Kb8 14. a5 Nbd7 15.
Na4 Nc5 16. Nxc5 Bxc5 17. b4 dxe4 18. dxe4 Rxd2 19. Rxd2 Bxb4 20. Rd3 Bxa5 21.
Rfd1 b5 22. Qe3 Bb6 23. Qc1 Kc8 24. Qa1 Qe7 25. Rd6 Kb7 26. Qc3 Rc8 27. f5 e5
28. R6d2 Rd8 29. Rxd8 Bxd8 30. Qb3 Bb6 31. c4 a6 32. cxb5 axb5 33. Qa2 Nd7 34.
Ra1 Nc5 35. Qa8+ Kc7 36. Qg8 Nd3 37. Ra8 Bxf2+ 38. Kh1 Kb6 39. Qb8+ Kc5 40. Ra2
Qg5 41. Rc2+ Kb4 42. Qd6+ Nc5 43. Rxf2 Qe3 44. Rf1 Kc4 45. Qxc6 b4 46. Qd5+ Kc3
47. Rf3 1-0

[Event "XXVII MFSz Memorial Jozefa Kochana - Ope"]
[Site "Koszalin"]
[Date "2016.??.??"]
[Round "5.8"]
[White "Hilarecki, Grzegorz"]
[Black "Bilczewski, Kacper"]
[Result "1-0"]
[WhiteElo "2110"]
[BlackElo "2080"]
[PlyCount "63"]
[EventDate "2016.??.??"]

1. d4 d6 2. Nf3 Nf6 3. Bf4 g6 4. h3 Bg7 5. e3 O-O 6. c3 Nbd7 7. Be2 b6 8. O-O
Bb7 9. Bh2 Re8 10. a4 e5 11. a5 Bxf3 12. Bxf3 e4 13. Be2 Nf8 14. Qa4 Ne6 15.
Na3 Nh5 16. Bb5 Rf8 17. Bc6 Rb8 18. a6 Qh4 19. Nb5 Nd8 20. Nxa7 Kh8 21. Bb5 Ra8
22. Nc6 Nxc6 23. Bxc6 Ra7 24. Bb7 Qe7 25. Qc6 f5 26. c4 g5 27. b4 g4 28. hxg4
fxg4 29. Qxe4 Qg5 30. Rac1 Rf6 31. c5 Rh6 32. Qe8+ 1-0

[Event "XXVII MFSz Memorial Jozefa Kochana - Ope"]
[Site "Koszalin"]
[Date "2016.??.??"]
[Round "5.9"]
[White "Lisinski, Henryk"]
[Black "Heinsohn, Michael"]
[Result "1/2-1/2"]
[WhiteElo "1850"]
[BlackElo "2007"]
[PlyCount "117"]
[EventDate "2016.??.??"]

1. d4 Nf6 2. Nf3 g6 3. c4 Bg7 4. Nc3 d5 5. e3 O-O 6. a3 c5 7. dxc5 dxc4 8. Qxd8
Rxd8 9. Bxc4 Nbd7 10. c6 bxc6 11. O-O Nb6 12. Ba2 Bb7 13. e4 Ng4 14. Bf4 c5 15.
Rfe1 Rd3 16. h3 Nh6 17. Bxh6 Bxh6 18. Bxf7+ Kf8 19. Ba2 Bg7 20. Ng5 Bxc3 21.
Ne6+ Ke8 22. bxc3 Rc8 23. Rac1 Na4 24. Bb3 Bc6 25. Ng7+ Kf8 26. Ne6+ Ke8 27.
Nf4 Rd2 28. Bxa4 Bxa4 29. Re2 Rxe2 30. Nxe2 Rb8 31. c4 Rb3 32. Nc3 Bc6 33. Nb5
Bxb5 34. cxb5 Rxb5 35. Rc3 Kd7 36. Kf1 Kc6 37. Ke2 a5 38. g3 a4 39. f4 Rb2+ 40.
Ke3 e6 41. e5 Rg2 42. Ke4 Rd2 43. Ke3 Rd4 44. Rd3 Kd5 45. Rc3 Re4+ 46. Kf3 c4
47. g4 Re1 48. Rc2 Rd1 49. Ke2 Rd3 50. Rd2 Ke4 51. Rc2 c3 52. f5 gxf5 53. gxf5
Re3+ 54. Kf2 Rf3+ 55. Kg2 Rd3 56. fxe6 Rd2+ 57. Rxd2 cxd2 58. e7 d1=Q 59. e8=Q
1/2-1/2

[Event "XXVII MFSz Memorial Jozefa Kochana - Ope"]
[Site "Koszalin"]
[Date "2016.??.??"]
[Round "5.10"]
[White "Przerwa, Waldemar"]
[Black "Mike, Patryk"]
[Result "0-1"]
[WhiteElo "1799"]
[BlackElo "1877"]
[PlyCount "88"]
[EventDate "2016.??.??"]

1. e4 e5 2. Nf3 Nc6 3. Bb5 a6 4. Ba4 Nf6 5. O-O b5 6. Bb3 Be7 7. Re1 d6 8. c3
O-O 9. h3 Nb8 10. d4 Nbd7 11. Nbd2 Bb7 12. a4 c5 13. axb5 axb5 14. Rxa8 Qxa8
15. d5 Qa1 16. Nf1 c4 17. Bc2 Rb8 18. g4 Nc5 19. Ng3 g6 20. g5 Nfd7 21. h4 Na4
22. Bxa4 Qxa4 23. Qe2 Nc5 24. h5 Nd3 25. hxg6 hxg6 26. Rf1 Kg7 27. Nf5+ gxf5
28. exf5 Nxc1 29. Rxc1 f6 30. Nh2 Rh8 31. gxf6+ Bxf6 32. Qg4+ Kf8 33. Kf1 Rxh2
34. Qg6 Rh1+ 35. Ke2 Ke7 36. Qg8 Rxc1 37. Qe6+ Kd8 38. Qxf6+ Kc7 39. Qe7+ Kb8
40. Qxd6+ Ka8 41. Qf8+ Ka7 42. Qc5+ Kb8 43. Qf8+ Bc8 44. Qd6+ Ka8 0-1

[Event "XXVII MFSz Memorial Jozefa Kochana - Ope"]
[Site "Koszalin"]
[Date "2016.??.??"]
[Round "6.1"]
[White "Cyborowski, Lukasz"]
[Black "Shishkin, Vadim"]
[Result "1-0"]
[WhiteElo "2526"]
[BlackElo "2469"]
[PlyCount "55"]
[EventDate "2016.??.??"]

1. Nf3 Nf6 2. c4 g6 3. Nc3 d5 4. cxd5 Nxd5 5. h4 Nxc3 6. bxc3 h6 7. g3 Bg7 8.
Bg2 O-O 9. O-O c5 10. d4 Nc6 11. d5 Na5 12. e4 e5 13. Be3 b6 14. Nd2 f5 15. f4
fxe4 16. fxe5 Bxe5 17. Bxh6 Rxf1+ 18. Qxf1 Bxc3 19. Nxe4 Bd4+ 20. Kh2 Bf5 21.
Re1 Qd7 22. Ng5 Re8 23. d6 Bf6 24. Rxe8+ Qxe8 25. Bd5+ Kh8 26. Be6 Nc6 27. Bxf5
gxf5 28. Qxf5 1-0

[Event "XXVII MFSz Memorial Jozefa Kochana - Ope"]
[Site "Koszalin"]
[Date "2016.??.??"]
[Round "6.2"]
[White "Swicarz, Maciej"]
[Black "Plichta, Kamil"]
[Result "1-0"]
[WhiteElo "2238"]
[BlackElo "2347"]
[PlyCount "129"]
[EventDate "2016.??.??"]

1. e4 e5 2. Nf3 Nc6 3. Bb5 a6 4. Ba4 Nf6 5. O-O Be7 6. Re1 b5 7. Bb3 d6 8. c3
O-O 9. h3 Nb8 10. d4 Nbd7 11. Bg5 h6 12. Bh4 Bb7 13. Nbd2 Re8 14. Bc2 Nh7 15.
Bxe7 Qxe7 16. Nf1 Ng5 17. Ng3 g6 18. Nxg5 Qxg5 19. Qg4 Nb6 20. Bb3 Qxg4 21.
hxg4 exd4 22. cxd4 c5 23. f3 a5 24. Rec1 c4 25. Bd1 Rec8 26. Kf2 b4 27. Ne2 Kg7
28. Ke3 d5 29. e5 f6 30. f4 a4 31. Rab1 Re8 32. Kf3 fxe5 33. fxe5 a3 34. bxa3
Rxa3+ 35. Kf2 Bc6 36. Rxb4 Nd7 37. Nc3 Rea8 38. Bf3 R8a5 39. Ke3 Nf8 40. Rb6
Be8 41. Kd2 Bf7 42. Kc2 Ne6 43. Rd1 g5 44. Rb7 Kf8 45. Kb2 Nf4 46. Rf1 Ke8 47.
Rxf7 Nd3+ 48. Kc2 Kxf7 49. Bxd5+ Ke8 50. Bxc4 Nb4+ 51. Kb2 Nc6 52. d5 Nd8 53.
Bb3 Nf7 54. Rf6 Ra6 55. d6 Nd8 56. Nb5 Rxb3+ 57. axb3 Ra5 58. Nc7+ Kd7 59. Rf5
Ra7 60. Nb5 Rb7 61. Nd4 Rb6 62. Kc3 Ra6 63. Kb2 Ra8 64. b4 Ra4 65. Kb3 1-0

[Event "XXVII MFSz Memorial Jozefa Kochana - Ope"]
[Site "Koszalin"]
[Date "2016.??.??"]
[Round "6.3"]
[White "Ustianovich, Nazar"]
[Black "Simantsev, Mikhail"]
[Result "0-1"]
[WhiteElo "2308"]
[BlackElo "2460"]
[PlyCount "60"]
[EventDate "2016.??.??"]

1. d4 Nf6 2. Bg5 d5 3. e3 e6 4. Nd2 c5 5. c3 Nc6 6. Ngf3 Bd6 7. Bd3 O-O 8. O-O
h6 9. Bxf6 Qxf6 10. dxc5 Bxc5 11. e4 Bb6 12. Qe2 Bd7 13. e5 Qe7 14. Nb3 f6 15.
Nbd4 Nxe5 16. Nxe5 fxe5 17. Qxe5 Bc5 18. Rac1 Bd6 19. Qh5 Qf6 20. Nf3 Be8 21.
Qh4 e5 22. Qxf6 gxf6 23. Nh4 e4 24. Nf5 Bc5 25. Be2 Bg6 26. Nxh6+ Kg7 27. Ng4
d4 28. cxd4 Bxd4 29. Rfd1 Rfd8 30. Rd2 Bxf2+ 0-1

[Event "XXVII MFSz Memorial Jozefa Kochana - Ope"]
[Site "Koszalin"]
[Date "2016.??.??"]
[Round "6.4"]
[White "Cagara, Paulina"]
[Black "Malaniuk, Vladimir P"]
[Result "0-1"]
[WhiteElo "2052"]
[BlackElo "2471"]
[PlyCount "47"]
[EventDate "2016.??.??"]

1. e4 d6 2. f4 e5 3. Nf3 exf4 4. d4 g5 5. h3 h6 6. Nc3 Bg7 7. Bc4 Nc6 8. O-O
Nge7 9. a3 O-O 10. b4 Ng6 11. Bb2 Be6 12. Be2 Nce7 13. d5 Bd7 14. Nd4 Nh4 15.
Qd3 Neg6 16. Nf3 f5 17. Nxh4 Nxh4 18. Rab1 Qe7 19. Qc4 fxe4 20. Nxe4 Bxb2 21.
Rxb2 Nf5 22. Bf3 Ne3 23. Qe2 Nxf1 24. Qxf1 0-1